[Event "EYCC 2017"]
[Site "Mamaia"]
[Date "2017.09.06"]
[Round "2"]
[White "Harutyunyan, Ruben"]
[Black "Sjoberg, Isak"]
[Result "1-0"]
[WhiteElo "2300"]
[BlackElo "2078"]
[Annotator "NA"]
[PlyCount "82"]
[EventDate "2017.??.??"]
[EventType "swiss"]
[EventCountry "ROU"]
[SourceTitle "playchess.com"]
[Source "ChessBase"]
[SourceQuality "1"]
[TimeControl "40/5400+30:1800+30"]

1. d4 {[%emt 0:00:00]} Nf6 {[%emt 0:00:12]} 2. c4 {[%emt 0:00:00]} c5 {[%emt 0:00:35]} 3. e3 {[%emt 0:00:42]} e6 {[%emt 0:00:15]} 4. Nc3 {[%emt 0:00:27]} cxd4 {[%emt 0:05:56]} 5. exd4 {[%emt 0:00:02]} Bb4 {[%emt 0:01:41]} 6. Bd3 {[%emt 0:01:44]} b6 {[%emt 0:04:10]} 7. Nf3 {[%emt 0:02:22]} Bb7 {[%emt 0:01:51]} 8. O-O {[%emt 0:00:25]} O-O {[%emt 0:01:50]} 9. Qe2 {[%emt 0:05:31]} Bxc3 {[%emt 0:03:33]} 10. bxc3 {[%emt 0:00:05]} d6 {[%emt 0:00:14]} 11. Rd1 {[%emt 0:07:51]} Nbd7 {[%emt 0:04:01]} 12. Bg5 {[%emt 0:58:50]} Qc7 {[%emt 0:05:47]} 13. Nd2 {[%emt 0:03:24]} Rac8 {[%emt 0:06:14]} 14. Rab1 {[%emt 0:01:38]} d5 {[%emt 0:16:43]} 15. c5 {[%emt 0:11:11]} bxc5 {[%emt 0:03:28]} 16. Qf3 {[%emt 0:01:26]} cxd4 {[%emt 0:03:34]} 17. cxd4 {[%emt 0:00:06]} Ne4 {[%emt 0:01:26]} 18. Nxe4 {[%emt 0:00:43]} dxe4 {[%emt 0:00:04]} 19. Bxe4 {[%emt 0:00:09]} Bxe4 20. Qxe4 {[%emt 0:00:02]} Nb6 {[%emt 0:00:43]} 21. Qg4 {[%emt 0:02:47]} Nd5 {[%emt 0:05:23]} 22. h4 {[%emt 0:00:56]} Kh8 {[%emt 0:07:57]} 23. Rbc1 {[%emt 0:00:21]} Qd6 {[%emt 0:01:36]} 24. Rxc8 {[%emt 0:00:26]} Rxc8 {[%emt 0:00:01]} 25. Qf3 {[%emt 0:00:28]} Kg8 {[%emt 0:01:30]} 26. Rb1 {[%emt 0:00:44]} h6 {[%emt 0:02:35]} 27. Bd2 {[%emt 0:00:34]} Nb6 {[%emt 0:01:07]} 28. Qb7 {[%emt 0:00:31]} Rc7 {[%emt 0:01:04]} 29. Qa6 {[%emt 0:00:32]} Qxd4 {[%emt 0:01:27]} 30. Be3 {[%emt 0:00:09]} Qe4 {[%emt 0:00:59]} 31. Rd1 {[%emt 0:00:43]} Nd5 {[%emt 0:09:22]} 32. Qd3 {[%emt 0:00:24]} Qxh4 {[%emt 0:00:34]} 33. Rb1 {[%emt 0:00:08]} g6 {[%emt 0:03:55]} 34. Rb8+ {[%emt 0:00:48]} Kh7 {[%emt 0:00:01]} 35. g3 {[%emt 0:00:37]} Qg4 {[%emt 0:01:30]} 36. Qd4 {[%emt 0:00:38]} Rc1+ {[%emt 0:00:08]} 37. Kg2 {[%emt 0:00:12]} Nxe3+ {[%emt 0:00:38]} 38. Qxe3 {[%emt 0:00:07]} Qd1 {[%emt 0:00:19]} 39. g4 {[%emt 0:01:13]} Qh1+ {[%emt 0:02:29]} 40. Kg3 {[%emt 0:00:00]} Rg1+ {[%emt 0:00:07]} 41. Kf4 {[%emt 0:00:07]} Qh2+ {[%emt 0:00:03]} 1-0

[Event "EYCC 2017"]
[Site "Mamaia"]
[Date "2017.09.06"]
[Round "2"]
[White "Dobrovoljc, Vid"]
[Black "Haldorsen, Benjamin"]
[Result "1/2-1/2"]
[WhiteElo "2293"]
[BlackElo "2397"]
[Annotator "NA"]
[PlyCount "114"]
[EventDate "2017.??.??"]
[EventType "swiss"]
[EventCountry "ROU"]
[SourceTitle "playchess.com"]
[Source "ChessBase"]
[SourceQuality "1"]
[TimeControl "40/5400+30:1800+30"]

1. Nf3 {[%emt 0:00:00]} d5 {[%emt 0:00:42]} 2. g3 {[%emt 0:00:00]} Nc6 {[%emt 0:00:33]} 3. d4 {[%emt 0:03:08]} Bg4 {[%emt 0:00:07]} 4. Bg2 {[%emt 0:03:09]} Qd7 {[%emt 0:00:17]} 5. c4 {[%emt 0:03:56]} dxc4 {[%emt 0:05:41]} 6. d5 {[%emt 0:14:39]} O-O-O {[%emt 0:03:03]} 7. Nc3 {[%emt 0:00:31]} Bxf3 {[%emt 0:06:49]} 8. Bxf3 {[%emt 0:02:52]} Ne5 {[%emt 0:00:05]} 9. Bg2 {[%emt 0:05:23]} e6 {[%emt 0:03:07]} 10. Qd4 {[%emt 0:11:29]} Nc6 {[%emt 0:06:58]} 11. Qxc4 {[%emt 0:03:39]} Nb4 {[%emt 0:10:10]} 12. Qb3 {[%emt 0:01:20]} Nf6 {[%emt 0:03:51]} 13. dxe6 {[%emt 0:04:16]} Qxe6 {[%emt 0:00:53]} 14. Qxe6+ {[%emt 0:00:51]} fxe6 {[%emt 0:00:01]} 15. O-O {[%emt 0:00:15]} e5 {[%emt 0:06:29]} 16. a3 {[%emt 0:14:01]} Nc2 {[%emt 0:08:42]} 17. Rb1 {[%emt 0:00:08]} Nd4 {[%emt 0:00:05]} 18. b4 {[%emt 0:00:39]} Kb8 {[%emt 0:00:20]} 19. e3 {[%emt 0:01:47]} Nf5 {[%emt 0:00:42]} 20. Bb2 {[%emt 0:03:33]} Nd6 {[%emt 0:02:58]} 21. Rfd1 {[%emt 0:01:43]} Be7 {[%emt 0:00:01]} 22. Bf1 {[%emt 0:01:15]} Rhe8 {[%emt 0:04:49]} 23. Na4 {[%emt 0:11:27]} Bf8 {[%emt 0:10:59]} 24. Nc5 {[%emt 0:00:15]} Nd7 {[%emt 0:15:19]} 25. Rbc1 {[%emt 0:05:56]} Nxc5 {[%emt 0:03:12]} 26. bxc5 {[%emt 0:00:20]} Ne4 {[%emt 0:00:29]} 27. c6 {[%emt 0:01:43]} Nd2 {[%emt 0:02:50]} 28. cxb7 {[%emt 0:01:26]} e4 {[%emt 0:00:58]} 29. Bg2 {[%emt 0:02:05]} Kxb7 {[%emt 0:00:15]} 30. Bd4 {[%emt 0:00:30]} Nf3+ {[%emt 0:01:13]} 31. Bxf3 {[%emt 0:00:04]} exf3 {[%emt 0:00:04]} 32. Rb1+ {[%emt 0:00:19]} Ka8 {[%emt 0:00:21]} 33. Rdc1 {[%emt 0:01:41]} Rb8 {[%emt 0:00:02]} 34. h4 {[%emt 0:01:17]} Rxb1 {[%emt 0:01:02]} 35. Rxb1 {[%emt 0:00:04]} c5 {[%emt 0:00:10]} 36. Bc3 {[%emt 0:00:04]} Rd8 {[%emt 0:00:57]} 37. Kh2 {[%emt 0:01:29]} h5 {[%emt 0:03:06]} 38. g4 {[%emt 0:00:22]} Bd6+ {[%emt 0:01:11]} 39. Kh3 {[%emt 0:00:05]} g6 {[%emt 0:00:11]} 40. Rd1 {[%emt 0:00:00]} Kb7 {[%emt 0:01:11]} 41. Bf6 {[%emt 0:11:55]} Rd7 {[%emt 0:00:28]} 42. e4 {[%emt 0:00:13]} Kc6 {[%emt 0:01:33]} 43. Rd3 {[%emt 0:00:51]} c4 {[%emt 0:07:21]} 44. Rxf3 {[%emt 0:05:58]} Bc5 {[%emt 0:00:38]} 45. gxh5 {[%emt 0:04:14]} gxh5 {[%emt 0:03:04]} 46. Kg3 {[%emt 0:00:54]} Rd3 {[%emt 0:02:44]} 47. Rxd3 {[%emt 0:02:27]} cxd3 {[%emt 0:00:09]} 48. Kf3 {[%emt 0:00:12]} Bxa3 {[%emt 0:11:43]} 49. Ke3 {[%emt 0:00:17]} Bc5+ {[%emt 0:00:06]} 50. Kxd3 {[%emt 0:00:06]} Bxf2 {[%emt 0:00:05]} 51. Ke2 {[%emt 0:01:28]} Bg1 {[%emt 0:00:16]} 52. Bc3 {[%emt 0:00:13]} Kd6 {[%emt 0:00:52]} 53. Kf3 {[%emt 0:00:06]} Bh2 {[%emt 0:00:19]} 54. Bb4+ {[%emt 0:00:56]} Ke6 {[%emt 0:00:07]} 55. Be1 {[%emt 0:00:10]} Be5 {[%emt 0:03:16]} 56. Ke3 {[%emt 0:00:42]} Kd7 {[%emt 0:00:07]} 57. Kf3 {[%emt 0:02:18]} Kc6 {[%emt 0:02:15]} 1/2-1/2

[Event "EYCC 2017"]
[Site "Mamaia"]
[Date "2017.09.06"]
[Round "2"]
[White "Murzin, Volodar"]
[Black "Zhukov, Ivan"]
[Result "1-0"]
[WhiteElo "2280"]
[BlackElo "1893"]
[Annotator "NA"]
[PlyCount "51"]
[EventDate "2017.??.??"]
[EventType "swiss"]
[EventCountry "ROU"]
[SourceTitle "playchess.com"]
[Source "ChessBase"]
[SourceQuality "1"]
[TimeControl "40/5400+30:1800+30"]

1. Nf3 {[%emt 0:00:00]} Nf6 {[%emt 0:00:11]} 2. g3 {[%emt 0:00:00]} g6 {[%emt 0:00:06]} 3. Bg2 {[%emt 0:00:00]} Bg7 {[%emt 0:00:06]} 4. O-O {[%emt 0:00:00]} O-O {[%emt 0:00:06]} 5. c4 {[%emt 0:00:11]} d6 {[%emt 0:00:09]} 6. Nc3 {[%emt 0:01:37]} Nc6 {[%emt 0:00:57]} 7. d3 {[%emt 0:05:15]} a6 {[%emt 0:01:31]} 8. Rb1 {[%emt 0:06:00]} Rb8 {[%emt 0:01:50]} 9. b4 {[%emt 0:04:47]} b5 {[%emt 0:01:23]} 10. cxb5 {[%emt 0:05:15]} axb5 {[%emt 0:00:01]} 11. a4 {[%emt 0:01:18]} bxa4 {[%emt 0:03:25]} 12. Qxa4 {[%emt 0:09:40]} Bb7 {[%emt 0:05:32]} 13. b5 {[%emt 0:05:03]} Ra8 {[%emt 0:09:20]} 14. bxc6 {[%emt 0:18:01]} Rxa4 {[%emt 0:00:02]} 15. cxb7 {[%emt 0:00:07]} Nd7 {[%emt 0:01:45]} 16. Nxa4 {[%emt 0:00:21]} c6 {[%emt 0:00:40]} 17. Be3 {[%emt 0:01:09]} Nb8 {[%emt 0:02:12]} 18. Nb6 {[%emt 0:00:39]} Qc7 {[%emt 0:00:44]} 19. Nc8 {[%emt 0:04:16]} e5 {[%emt 0:02:58]} 20. Rfc1 {[%emt 0:00:48]} f5 {[%emt 0:02:53]} 21. Ng5 {[%emt 0:00:44]} Qd7 {[%emt 0:01:33]} 22. Ba7 {[%emt 0:00:39]} Bh6 {[%emt 0:01:02]} 23. Bxb8 {[%emt 0:00:13]} Bxg5 {[%emt 0:00:04]} 24. Bxd6 {[%emt 0:00:25]} Bxc1 {[%emt 0:00:35]} 25. b8=Q {[%emt 0:00:36]} Rxc8 {[%emt 0:00:11]} 26. Qb3+ {[%emt 0:00:04]} 1-0

[Event "EYCC 2017"]
[Site "Mamaia"]
[Date "2017.09.06"]
[Round "2"]
[White "Gatineau, Yovann"]
[Black "Esipenko, Andrey"]
[Result "0-1"]
[WhiteElo "2277"]
[BlackElo "2540"]
[Annotator "TA"]
[PlyCount "74"]
[EventDate "2017.??.??"]
[EventType "swiss"]
[EventCountry "ROU"]
[SourceTitle "playchess.com"]
[Source "ChessBase"]
[SourceQuality "1"]

{[%evp 18,74,0,3,21,0,0,0,0,0,0,0,0,-11,-7,-40,-26,-23,-17,-11,-5,-15,-14,-70,-60,-53,-53,-146,-98,-98,-100,-100,-100,-104,-117,-108,-93,-95,-75,-274,-122,-122,-113,-130,-129,-129,-129,-130,-129,-164,-151,-166,-164,-155,-144,-383,-230,-435,-418]} 1. d4 Nf6 2. Nf3 e6 3. c4 b6 4. g3 Ba6 5. Qc2 c5 6. d5 {E15: Queen's Indian: 4 g3 sidelines, 4 g3 Ba6 and 4 g3 Bb7 early deviations} exd5 7. cxd5 Bb7 8. Bg2 Nxd5 9. O-O Nc6 10. Rd1 {LiveBook: 33 Games} Be7 11. Qf5 (11. Rxd5 $2 Nb4 $19) 11... Nf6 12. Nc3 d6 13. Bf4 O-O 14. Rd2 g6 15. Qc2 d5 16. Ne5 {[%cal Rc3d5]} Nd4 17. Qa4 Qe8 18. Qd1 Kg7 19. e3 Ne6 {[#] Strongly threatening ...g5.} 20. Ng4 (20. h4 $1 $11) 20... Nxf4 $15 21. gxf4 Ne4 22. Rd3 ({Only move:} 22. Nxe4 $15 dxe4 23. Ne5) 22... c4 23. Rd4 Nxc3 24. bxc3 f6 {aiming for ...h5.} 25. h3 Bc5 26. Rd2 Rd8 27. Bxd5 Qd7 $36 {[%mdl 2048] Threatens to win with ...h5. Black has strong initiative.} 28. e4 $2 (28. Qf3 $17) 28... h5 (28... f5 $19 29. Ne5 Qd6) 29. Nh2 $17 Bxd5 30. Rxd5 Qc7 31. Qf3 Rxd5 32. exd5 Bd6 33. Re1 Bxf4 34. Nf1 {[#]} Be5 $1 35. Ng3 Rd8 {White must now prevent ...Qd7.} 36. Ne4 $2 (36. Ne2 $17) 36... Qf7 37. Nd2 $2 (37. d6) 37... b5 {Precision: White = 42%, Black = 72%.} 0-1

[Event "EYCC 2017"]
[Site "Mamaia"]
[Date "2017.09.06"]
[Round "2"]
[White "Maltsevskaya, Aleksandra"]
[Black "Sosa Suarez, Carla Cristina"]
[Result "1-0"]
[WhiteElo "2271"]
[BlackElo "1930"]
[Annotator "NA"]
[PlyCount "109"]
[EventDate "2017.??.??"]
[EventType "swiss"]
[EventCountry "ROU"]
[SourceTitle "playchess.com"]
[Source "ChessBase"]
[SourceQuality "1"]
[TimeControl "40/5400+30:1800+30"]

1. c4 {[%emt 0:00:00]} e6 {[%emt 0:00:05]} 2. g3 {[%emt 0:00:00]} Nf6 {[%emt 0:00:15]} 3. Bg2 {[%emt 0:00:00]} d5 {[%emt 0:00:41]} 4. Nf3 {[%emt 0:00:00]} Be7 {[%emt 0:01:17]} 5. d4 {[%emt 0:00:06]} c6 {[%emt 0:01:33]} 6. Nbd2 {[%emt 0:00:09]} O-O {[%emt 0:02:35]} 7. O-O {[%emt 0:00:26]} b6 {[%emt 0:02:30]} 8. Qc2 {[%emt 0:12:04]} Bb7 {[%emt 0:08:38]} 9. e4 {[%emt 0:09:16]} Na6 {[%emt 0:14:29]} 10. cxd5 {[%emt 0:25:18]} cxd5 {[%emt 0:04:53]} 11. e5 {[%emt 0:01:49]} Rc8 {[%emt 0:08:12]} 12. Qd1 {[%emt 0:00:58]} Nd7 {[%emt 0:01:25]} 13. a3 {[%emt 0:01:07]} b5 {[%emt 0:03:25]} 14. b4 {[%emt 0:03:56]} Nb6 {[%emt 0:02:54]} 15. Nb3 {[%emt 0:00:08]} Nc4 {[%emt 0:04:52]} 16. Ne1 {[%emt 0:00:26]} Rc6 {[%emt 0:10:50]} 17. Nd3 {[%emt 0:01:06]} f6 {[%emt 0:04:12]} 18. f4 {[%emt 0:18:30]} Qb6 {[%emt 0:03:06]} 19. Ndc5 {[%emt 0:03:27]} Nb8 {[%emt 0:04:05]} 20. exf6 {[%emt 0:08:32]} Bxf6 {[%emt 0:01:10]} 21. Nxb7 {[%emt 0:00:20]} Qxb7 {[%emt 0:00:28]} 22. f5 {[%emt 0:01:36]} Nd7 {[%emt 0:02:36]} 23. Qg4 {[%emt 0:01:03]} Re8 {[%emt 0:02:43]} 24. Qh5 {[%emt 0:00:13]} Qc8 {[%emt 0:05:22]} 25. fxe6 {[%emt 0:00:54]} Rcxe6 {[%emt 0:00:08]} 26. Bxd5 {[%emt 0:02:26]} Ndb6 {[%emt 0:01:20]} 27. Bxe6+ {[%emt 0:00:43]} Qxe6 {[%emt 0:00:19]} 28. Qf5 {[%emt 0:02:36]} Qd6 {[%emt 0:02:12]} 29. Bf4 {[%emt 0:01:34]} Bxd4+ {[%emt 0:01:03]} 30. Nxd4 {[%emt 0:00:10]} Qxd4+ {[%emt 0:00:06]} 31. Kh1 {[%emt 0:00:08]} Qe4+ {[%emt 0:02:11]} 32. Qxe4 {[%emt 0:00:07]} Rxe4 {[%emt 0:00:03]} 33. Rae1 {[%emt 0:02:32]} Rxe1 {[%emt 0:00:24]} 34. Rxe1 {[%emt 0:00:06]} Kf7 {[%emt 0:01:38]} 35. Bb8 {[%emt 0:01:45]} a6 {[%emt 0:00:46]} 36. Ba7 {[%emt 0:00:54]} Nd7 {[%emt 0:00:56]} 37. Bc5 {[%emt 0:00:29]} Nde5 {[%emt 0:01:43]} 38. Rf1+ {[%emt 0:00:24]} Ke6 {[%emt 0:00:51]} 39. Rf8 {[%emt 0:00:57]} Nd3 {[%emt 0:01:50]} 40. Re8+ {[%emt 0:00:00]} Kf7 {[%emt 0:01:07]} 41. Re7+ {[%emt 0:01:34]} Kg8 {[%emt 0:02:00]} 42. Bd4 {[%emt 0:01:00]} g6 {[%emt 0:00:13]} 43. Rg7+ {[%emt 0:00:22]} Kf8 {[%emt 0:00:10]} 44. Rxh7 {[%emt 0:00:17]} Nxa3 {[%emt 0:00:56]} 45. Ra7 {[%emt 0:00:06]} Nc2 {[%emt 0:04:01]} 46. Rxa6 {[%emt 0:02:00]} Nxd4 {[%emt 0:03:04]} 47. Rd6 {[%emt 0:00:44]} Nf2+ {[%emt 0:03:33]} 48. Kg2 {[%emt 0:01:14]} Nf5 {[%emt 0:00:29]} 49. Rf6+ {[%emt 0:00:38]} Ke7 {[%emt 0:00:36]} 50. Rxf5 {[%emt 0:00:06]} Nd3 {[%emt 0:00:17]} 51. Rxb5 {[%emt 0:00:09]} Kf6 {[%emt 0:00:43]} 52. Kf3 {[%emt 0:00:21]} Ke6 {[%emt 0:00:46]} 53. Ke3 {[%emt 0:00:41]} Nb2 {[%emt 0:00:23]} 54. Ke4 {[%emt 0:00:09]} Nc4 {[%emt 0:00:12]} 55. Rd5 {Kxd5+} 1-0

[Event "EYCC 2017"]
[Site "Mamaia"]
[Date "2017.09.06"]
[Round "2"]
[White "Afonasieva, Anna"]
[Black "Bucur, Denisa-Andreea"]
[Result "1-0"]
[WhiteElo "2263"]
[BlackElo "1916"]
[Annotator "NA"]
[PlyCount "61"]
[EventDate "2017.??.??"]
[EventType "swiss"]
[EventCountry "ROU"]
[SourceTitle "playchess.com"]
[Source "ChessBase"]
[SourceQuality "1"]
[TimeControl "40/5400+30:1800+30"]

1. d4 {[%emt 0:00:00]} Nf6 {[%emt 0:00:07]} 2. Nf3 {[%emt 0:00:00]} e6 {[%emt 0:00:06]} 3. g3 {[%emt 0:00:00]} b5 {[%emt 0:00:07]} 4. Bg2 {[%emt 0:00:00]} Bb7 {[%emt 0:00:06]} 5. O-O {[%emt 0:00:00]} c5 {[%emt 0:01:40]} 6. c3 {[%emt 0:00:12]} Be7 {[%emt 0:01:10]} 7. Bg5 {[%emt 0:03:13]} O-O {[%emt 0:07:41]} 8. a4 {[%emt 0:06:50]} cxd4 {[%emt 0:04:31]} 9. axb5 {[%emt 0:05:44]} dxc3 {[%emt 0:02:01]} 10. Nxc3 {[%emt 0:02:49]} d5 {[%emt 0:05:18]} 11. Be3 {[%emt 0:09:51]} a6 {[%emt 0:03:08]} 12. Qb3 {[%emt 0:02:23]} Nbd7 {[%emt 0:07:15]} 13. Rfc1 {[%emt 0:07:22]} Ng4 {[%emt 0:08:11]} 14. Bd4 {[%emt 0:16:52]} e5 {[%emt 0:09:20]} 15. Nxe5 {[%emt 0:01:44]} Ngxe5 {[%emt 0:02:01]} 16. Nxd5 {[%emt 0:00:27]} Rb8 {[%emt 0:06:34]} 17. bxa6 {[%emt 0:04:48]} Bxa6 {[%emt 0:06:00]} 18. Qe3 {[%emt 0:03:17]} Bg5 {[%emt 0:02:52]} 19. f4 {[%emt 0:02:31]} Re8 {[%emt 0:07:22]} 20. Rxa6 {[%emt 0:03:14]} Nc6 {[%emt 0:02:11]} 21. Raxc6 {[%emt 0:03:05]} Rxe3 {[%emt 0:00:13]} 22. Bxe3 {[%emt 0:00:04]} Bf6 {[%emt 0:01:00]} 23. Nxf6+ {[%emt 0:03:07]} gxf6 {[%emt 0:03:37]} 24. Ba7 {[%emt 0:00:17]} Ra8 {[%emt 0:00:57]} 25. Rc7 {[%emt 0:00:11]} Rxa7 {[%emt 0:00:59]} 26. Rc8 {[%emt 0:00:05]} Qxc8 {[%emt 0:00:14]} 27. Rxc8+ {[%emt 0:00:04]} Kg7 {[%emt 0:00:09]} 28. Kf2 {[%emt 0:00:39]} Ra2 {[%emt 0:00:23]} 29. b3 {[%emt 0:04:58]} Rb2 {[%emt 0:00:28]} 30. Rc7 {[%emt 0:01:24]} Nb6 {[%emt 0:00:13]} 31. Rb7 {[%emt 0:00:31]} 1-0

[Event "EYCC 2017"]
[Site "Mamaia"]
[Date "2017.09.06"]
[Round "2"]
[White "Mustafin, Andrey"]
[Black "Hakobyan, Aram"]
[Result "0-1"]
[WhiteElo "2262"]
[BlackElo "2472"]
[Annotator "TA"]
[PlyCount "155"]
[EventDate "2017.??.??"]
[EventType "swiss"]
[EventCountry "ROU"]
[SourceTitle "playchess.com"]
[Source "ChessBase"]
[SourceQuality "1"]

{[%evp 18,155,1,-12,5,-37,-43,-39,-49,-49,-54,-44,52,56,51,55,65,0,0,0,49,46,47,20,58,4,4,5,6,-10,-7,-15,-10,-11,-8,-8,-8,-6,0,-24,-17,-14,-1,-33,-29,-39,-37,-37,-37,-43,-42,-79,-52,-47,-42,-50,-42,-102,-33,-27,-27,-27,-27,-27,-27,-27,-27,-27,-27,-31,-31,-31,-31,-47,-42,-33,-33,-38,-25,-53,-54,-97,-99,-107,-106,-106,-116,-74,-58,-43,-38,-85,-85,-109,-109,-109,-102,-109,-109,-192,-64,-64,-64,-64,-64,-2519,-2607,-2478,-2295,-2202,-2163,-1872,-1454,-29963,-29964,-29973,-29968,-29971,-29965,-29964,-29965,-29967,-29965,-29964,-12795,-29974,-29972,-29974,-29976,-29983,-29984,-29984,-29985,-29985,-29986,-29986,-29987,-29987,-29988,-29988]} 1. Nf3 g6 2. e4 Bg7 3. d4 d6 4. Be2 Nf6 5. Nc3 O-O 6. O-O Nc6 7. d5 Nb8 8. Nd4 c5 9. dxc6 Nxc6 10. Be3 {LiveBook: 118 Games} Bd7 {B72: Sicilian Dragon: 6 Be3, lines with h3+Bc4 and sidelines} 11. f4 Qb6 (11... a6 12. Kh1 b5 13. Bf3 Rc8 14. Nxc6 Bxc6 15. Nd5 Nxd5 16. exd5 Bd7 17. c3 b4 18. cxb4 Bxb2 {0-1 (41) Lianes Garcia,M (2350)-Georgiev,K (2627) Roquetas de Mar 2017}) 12. Qd3 Qxb2 {Hoping for ...Nb4.Black is slightly better.} 13. Rab1 Qa3 14. Rxb7 Na5 $146 (14... Rfc8 $15 15. Rb3 Qa5) ({Predecessor:} 14... Rab8 15. Rb3 Rxb3 16. axb3 Qa5 17. Nxc6 Bxc6 18. Bf3 Ng4 19. Nd5 Bxd5 20. exd5 Nxe3 {½-½ (19) Justesen,A (2284)-Flude,D (2136) ICCF email 2008}) 15. Ndb5 $36 {[%mdl 2048] White has the initiative.} Bxb5 $1 16. Rxb5 Nc6 $1 17. Rb3 (17. Rfb1 $1 $14) 17... Qa5 $11 18. Nd5 Rac8 19. Ra3 Qd8 {next ...Nxd5 is good for Black.} 20. c3 Nd7 21. Nb4 ({Not} 21. Bxa7 $2 e6 $19) ({Better is} 21. Rd1 $14) 21... a5 22. Nxc6 Rxc6 23. Rd1 Nc5 24. Qb5 Qc7 25. Bf3 Rb8 26. Qxa5 Qc8 {White must now prevent ...Ra6.} 27. Qa7 $1 {[%cal Ra7e7]} e6 (27... Rc7 $5 28. Qa5 $8 Rc6 $11) 28. Bxc5 (28. h3 {looks sharper.} Nd7 29. f5 Ne5 30. Be2 exf5 31. exf5 gxf5 32. Bf4) 28... Rxc5 29. Qa6 ({Don't play} 29. Rxd6 Bf8 $17) 29... Bxc3 (29... Rc6 {is interesting.} 30. Qxc8+ Rbxc8 31. f5 Bxc3 32. fxe6 fxe6 33. Bg4 Re8) 30. Qxc8+ Rcxc8 31. Rb3 Rxb3 32. axb3 $15 {[%mdl 4096] Endgame KRB-KRB} Bb4 33. Be2 Rc2 34. Bc4 h5 35. g3 Kg7 36. Kh1 Rb2 37. Rd3 (37. Ra1 $15) 37... Bc5 (37... Re2 $17 38. e5 dxe5 39. fxe5 Rxe5) 38. Rd1 Kf6 39. Re1 Ke7 40. Re2 Rb1+ 41. Kg2 Rg1+ 42. Kf3 Rc1 43. Rd2 Rc3+ 44. Kg2 $1 Be3 45. Re2 f5 46. exf5 d5 {[%cal Bd6d5,Bd5d4,Bd4d3,Bd3d2][%mdl 32]} 47. Ba6 gxf5 48. Rb2 d4 49. Bc4 d3 50. Rb1 Rc2+ 51. Kh3 d2 52. Rd1 Rc1 (52... h4 $5 53. Kxh4 Rc3 $17) 53. Be2 Rc3 {Threatens to win with ...Bxf4.} 54. Kg2 h4 {[%cal Bh5h4,Bh4h3][%mdl 32]} 55. Bc4 {[#]} h3+ $1 {[%mdl 512]} 56. Kf1 (56. Kxh3 Bxf4) 56... Rc1 57. Ke2 Kf6 58. Bd3 {[#]} (58. Ba6 $17 {was necessary.}) 58... Rxd1 (58... Bg1 $1 $19 {[%cal Rg1h2]} 59. Kxd2 Rxd1+ 60. Kxd1 Bxh2) 59. Kxd1 $19 {KB-KB} Bg1 60. Bf1 Bxh2 61. Bxh3 $2 {[%mdl 8192]} (61. Kxd2 $15 Bxg3 62. Bxh3) 61... Bxg3 62. Kxd2 Bxf4+ 63. Ke2 Bd6 64. Bg2 e5 {[%cal Be6e5,Be5e4][%mdl 32]} 65. Bh1 e4 66. Bg2 Ke5 67. Bh3 Bb4 68. Kf2 Kf4 69. Ke2 Ba3 70. Kf2 Bc5+ 71. Ke2 {[#]} Kg5 $1 {Black mates.} 72. Kf1 f4 {[%cal Bf5f4,Bf4f3][%mdl 32]} 73. Bd7 f3 74. Bc6 Kf4 75. Bd5 Bb4 76. Bc4 e3 77. Bb5 Ke5 78. Ba6 {Precision: White = 36%, Black = 68%.} 0-1

[Event "EYCC 2017"]
[Site "Mamaia"]
[Date "2017.09.06"]
[Round "2"]
[White "Ewert, Hannes"]
[Black "Fakhrutdinov, Timur"]
[Result "1/2-1/2"]
[WhiteElo "2261"]
[BlackElo "2441"]
[Annotator "TA"]
[PlyCount "112"]
[EventDate "2017.??.??"]
[EventType "swiss"]
[EventCountry "ROU"]
[SourceTitle "playchess.com"]
[Source "ChessBase"]
[SourceQuality "1"]

{[%evp 23,112,2,45,0,5,7,0,0,0,0,0,0,0,0,0,2,2,-8,0,0,0,0,0,0,0,0,0,0,0,0,0,-13,0,0,0,0,0,0,0,0,0,0,0,-12,0,-12,0,-15,-15,-15,-15,-15,-15,-15,-15,-44,-15,-15,-15,-15,-15,-27,-15,-19,-13,-47,-18,-40,-15,-15,-15,-15,-6,-47,-47,-71,-71,-71,-71,-74,-74,-74,-54,-90,-90,-90,-82,-100,-100,-100,-100]} 1. e4 e5 2. Nf3 Nc6 3. Bb5 Nf6 4. O-O Nxe4 5. d4 Nd6 6. Bxc6 dxc6 7. dxe5 Nf5 8. Qxd8+ Kxd8 9. h3 Be7 {C67: Ruy Lopez: Berlin Defence: 4 0-0 Nxe4} 10. Nc3 Nh4 11. Nxh4 Bxh4 12. Be3 h5 {LiveBook: 5 Games} 13. Ne4 $146 ({Predecessor:} 13. Rad1+ Ke8 14. Ne2 b6 15. a4 c5 16. Nc3 Bf5 17. Nb5 {1-0 (55) Vachier Lagrave,M (2796)-Adams,M (2751) Caleta 2017}) 13... Be7 14. Rad1+ Ke8 15. Rfe1 Bf5 16. Bf4 Rd8 {[#] ...Rxd1 is the strong threat.} 17. Nd6+ cxd6 18. exd6 Be6 {aiming for ...Bf6.} 19. dxe7 Kxe7 20. h4 f6 21. f3 Kf7 22. Kf2 Rhe8 23. a3 c5 24. Rd2 Rxd2+ 25. Bxd2 $11 {[%mdl 4096] Endgame KRB-KRB} Rd8 26. Be3 b6 27. Rc1 Rd7 28. b4 cxb4 29. axb4 Bc4 30. c3 Ke6 31. Bd4 Kd6 32. Ke3 Kc6 33. g4 hxg4 34. fxg4 Kb5 35. g5 fxg5 36. hxg5 Re7+ 37. Kf4 Bd3 38. Rd1 Kc4 39. Ra1 g6 40. Bf6 Rh7 41. Ra3 Kb5 42. Bd4 Bf5 43. Ke5 Rf7 44. Kd6 Rd7+ 45. Ke5 Bc2 46. Ra2 Bb3 47. Rf2 Rf7 (47... Bc4 {is more complex.} 48. Rf8 Rd5+ 49. Kf4 Bd3 50. Rb8 Bf5) 48. Rxf7 (48. Rf6 {keeps more tension.} Re7+ 49. Kd6 Rg7 50. Ke5 Bc2 51. Rf2) 48... Bxf7 {KB-KB} 49. Ke4 Kc4 50. Ke3 Kb3 51. Kd2 Bc4 52. Kc1 Bd3 53. Be5 a5 {Threatens to win with ...a4.Black is better.} 54. bxa5 bxa5 55. c4 Bxc4 56. Kb1 a4 {Precision: White = 67%, Black = 61%.} 1/2-1/2